| 000 | 00812nam a2200241Ia 4500 | ||
|---|---|---|---|
| 003 | GCL | ||
| 008 | 140319s9999 xx 000 0 ara d | ||
| 040 |
_aGCL / _cGCL |
||
| 082 | 0 | 4 |
_a001.2 _bر م |
| 100 | 1 | _aراجى عنايت | |
| 245 | 1 | 0 |
_aالمستقبل وازمة الفكر العربى / _cراجى عنايت |
| 250 | _aالاولى | ||
| 260 |
_aالامارات : _bندوة الثقافة والعلوم ، _c1993 |
||
| 300 |
_a179 ص ؛ _c22 سم |
||
| 490 |
_aمعارف انسانية _v1 |
||
| 650 | 0 | 4 | _aالمقالات |
| 650 | 0 | 4 | _aالثقافة |
| 650 | 0 | 4 | _aالتغير الاجتماعى |
| 650 | 0 | 4 | _aالتطور الاجتماعى |
| 650 | 0 | 4 | _aالتنمية الاقتصادية-الاجتماعية |
| 650 | 0 | 4 | _aالمستقبلية ( فلسفة ) |
| 942 |
_2ddc _cBK |
||
| 999 |
_c5016 _d5016 |
||